Summarium Theologiae Moralis ad Codicem Iuris Canonici accommodatum (Registro nro. 166537)

Detalles MARC
000 -ENCABEZADO
Número de control [NR] 02927nam a22003137a 4500
008 - DE LONGITUD FIJA DE DATOS DE ELEMENTOS - INFORMACIÓN GENERAL
Elementos de longitud fija [NR] 130507k19241925it ||||fr|||| 00| 0 lat d
040 ## - FUENTE DE CATALOGACION [NR]
Quien Cataloga Sandra Yazo (modificó)
Quien Clasifica Sandra Yazo (modificó)
082 ## - NUMERO DE CLASIFICACION DECIMAL DEWEY [R]
Número de la edición [NR] 20
Número de clasificación [R] 291.5
092 ## - SIGNATURA TOPOGRAFICA LOCAL
Número de clasificación local E26N022
100 1# - ASIENTO PRINCIPAL--NOMBRE PERSONAL [NR]
Nombre personal [NR] Sebastiani, Nicolás
ID Autoridad 36953
242 00 - TRADUCCION DEL TITULO POR LA AGENCIA CATALOGADORA [R]
Título [NR] Síntesis de la Teología Moral. Adaptada al Código de Derecho Canónico
Mención de responsabilidad, etc. [NR] Nicolás Sebastiani
Código de idioma del título traducido [NR] spa
245 00 - MENCION DE TITULO [NR]
Título [NR] Summarium Theologiae Moralis ad Codicem Iuris Canonici accommodatum
Mención de responsabilidad, etc. [NR] Nicol. Sebastiani Sac.
246 13 - FORMA VARIANTE DEL TITULO [R]
Título propiamente dicho/forma breve del título [NR] De Censuris latae sententiae iuxta Codicem Iuris Canonici
250 ## - MENCION DE EDICION [NR]
Mención de edición [NR] Editio Septima [7a ed.]
Resto de la mención de edición [NR] Maior [Revisada]
260 ## - PUBLICACION, DISTRIBUCION, ETC. (PIE DE IMPRENTA) [R]
Lugar de publicación, distribución, etc. [R] Augustae Taurinorum [Turín]
Nombre del editor, distribuidor, etc. [R] Nunc Marii E. Marietti [Ediciones Mario E. Marietti]
Fecha de publicación, distribución, etc. [R] 1924-1925
300 ## - DESCRIPCION FISICA [R]
Extensión [R] 2 t. 1 v. (404 ; vii, 261 p.)
Dimensiones [R] 22 x 16 cm.
500 ## - NOTA GENERAL [R]
Nota general [NR] Detalles físicos: Encuadernación rígida (holandesa) en cartón duro forrado en papel jaspeado marrón y blanco. Lomo de tela texturizada, de color rojo y letras en dorado. Guardas. Hoja de cortesía. Anteportadas. Portadas sencillas, impresas en una sola tinta, con un escudo pontificio (Papa Pío XI). Licencias y aprobaciones. Carta laudatoria del Papa Pío X. Texto impreso sobre papel de calidad. Márgenes amplios. Algunas notas de pie de página. Incluye una segunda portada.
500 ## - NOTA GENERAL [R]
Nota general [NR] Ejemplar misceláneo incluye dos títulos en el volumen.
500 ## - NOTA GENERAL [R]
Nota general [NR] Título y datos de publicación tomados de la primera obra.
505 0# - NOTA DE CONTENIDO CON FORMATO PREESTABLECIDO [R]
Nota de contenido con formato preestablecido [NR] OBRA 1: Principios fundamentales de la teología Moral. ; El acto humano. ; Moralidad de los actos humanos. ; La norma objetiva: la ley. ; Las fuentes de la moralidad. ; Distinción de los actos humanos: el pecado. ; Distinción específica. ; La norma subjetiva: la conciencia. ; Los deberes. ; Deberes comunes para todos los cristianos. ; Las virtudes teologales y los vicios opuestos. ; Los preceptos del Decálogo. ; Los Mandamientos de la Iglesia. ; Obligaciones peculiares de algunos grupos: el estado laical y el estado clerical. ; El estado religioso. ; Los Sacramentos (en general y en particular) -- OBRA 2: Sobre las censuras en general. ; Noción de “censura”. ; Sujeto de las censuras. ; Absolución de las censuras. ; Las censuras en particular: excomunión, entredicho y suspensión. ; Sobre la excomunión: las reservadas a la Santa Sede (modalidades). ; Excomuniones reservadas al Ordinario. ; Excomuniones no reservadas. ; Entredicho (reservado y no reservado). ; Suspensiones reservadas a la Sede Apostólica. ; Suspensiones reservadas al Ordinario. ; Censuras por aquello delitos que pudieran cometerse en la elección del Papa.
506 ## - NOTA DE RESTRICCIONES DE ACCESO [R]
Condiciones de acceso [NR] Consulta en sala
546 ## - NOTA DE IDIOMA [R]
Nota de idioma [NR] Texto en latin
650 #7 - ASIENTO SECUNDARIO DE MATERIA - TERMINO TEMATICO [R]
Término temático o nombre geográfico como elemento de entrada [NR] Derecho canónico
9 (RLIN) 36955
650 #7 - ASIENTO SECUNDARIO DE MATERIA - TERMINO TEMATICO [R]
Término temático o nombre geográfico como elemento de entrada [NR] Ética cristiana
9 (RLIN) 15229
650 #7 - ASIENTO SECUNDARIO DE MATERIA - TERMINO TEMATICO [R]
Término temático o nombre geográfico como elemento de entrada [NR] Teología
Subdivisión general [R] Moral
9 (RLIN) 36954
690 ## - ASUNTO AGREGADO LOCAL DE ENTRADA - TÉRMINO TEMÁTICO (OCLC, RLIN)
Acceso temático local Teología
700 1# - ASIENTO SECUNDARIO - NOMBRE PERSONAL [R]
Nombre personal [NR] Cipollini, Alberto
9 (RLIN) 36956
942 ## - ELEMENTOS DE ENTRADA AGREGADOS (KOHA)
Tipo de ítem principal el descrito en 300a Libro
Edición 1
Sistema de clasificación DEWEY
Clasificación 291.5
Existencias
Suprimido Perdido Sistema de clasificación Dañado No prestable Ubicación habitual Ubicación actual Localización Fecha de creación Forma de adquisición Costo Total préstamos Signatura topográfica Código de barras Última vez visto Ejemplar Price effective from Tipo de ítem
    LOCAL     Archivo Histórico Archivo Histórico Archivo histórico 07/05/2013 Donación 0.00   E26N022 L003784 07/05/2013 Ej.1 07/05/2013 Libro